00382 a2200145 4500003000500000005001700005040000900022082001700031100003900048245005300087250003100140260002700171300001100198650002700209Nust20260116115113.0 cNust a297.1225,DEH aNazami, Hazrat Khwaja Hasan Nizami aAam Fahem Tafseer / cHazrat Khwaja Hasan Nizami aVol : 1 ,2 ( Jild :1-2 ) aLahorebDafter Darwesh a1025:P aTafseer - Quran Majeed